00922 2200181 4500245004300000020002200043250001100065100002200076700001400098650001700112005001900129260003000148041001400178084001100192300002900203500049900232336000900731 aRentang KisahcGita Savitri DevihText a978-979-780-903-4 aCet. 2 aGita Savitri Devi aRy Azzura aNovel Remaja a20230929094211 aJakartabGagasMediac2017 aIndonesia a808.83 aviii, 208 hlm. :c19 cm. aApa tujuan hidupmu?Kalau ditanyakan kepadaku saat remaja, aku pasti enggak bisa menjawabnya. Jangankan tujuan hidup. Cara belajar yang benar saja aku enggak tahu.Setiap hari aku sekolah lebih suka bertemu teman-teman dan bermain kartu. Aku enggak tahu apa yang menjadi passion-ku.Aku sekedar menjalani apa yang ibu pilihkan untukku, termasuk melanjutkan kuliah di Jerman.Tentu bukan keputusan mudah untuk hidup mandiri di negara baru. Selama 7 tahun tinggal di Jerman, banyak kendala aku alami. atext